عشرة ينتظرها العالم : عند المسلمين واليهود والنصارى

Bibliographic Details
Main Author: عبد الحكيم، منصور (Author)
Format: Book
Language:Arabic
Published: Qahirah : Dar al-Kitab al-'Arabi , 2004
Edition:الطبعة 1
Series:احداث اخر الزمان 4
Subjects:

MARC

LEADER 00000cam a2200000 7i4500
001 0000086830
005 20140911093000.0
008 140908s2004 ua ara
020 |a 9773760472 
020 |a 9789773760472 
050 0 0 |a BP166.8   |b .A23 2004 
090 0 0 |a BP166.8   |b .A23 2004 
100 1 |a عبد الحكيم، منصور ,   |e author 
241 1 0 |a Ashrah yantaziruha al-alam: inda al Muslimin wa-al-Yahud wa al-Nasara 
245 1 0 |a عشرة ينتظرها العالم :   |b عند المسلمين واليهود والنصارى   |c منصور عبد الحكيم 
250 |a الطبعة 1 
260 |a Qahirah :   |b Dar al-Kitab al-'Arabi ,   |c 2004 
300 |a 208 p. ;   |c 25 cm. 
490 1 |a احداث اخر الزمان   |v 4 
504 |a Includes bibliographical references (p. 197-198) and index 
650 0 |a End of the world (Islam) 
650 0 |a End of the world   |x Political aspects 
999 |a 1000159285   |b Book   |c OPEN SHELF (30 DAYS)   |e Gong Badak Campus